Регионална библиотека "Любен Каравелов" - Русе

Майстор Кольо Фичето - големият архитект и строител от епохата на Българското Възраждане (Запис номер 448290)

MARC детайли
000 -Лидер
Контролно поле с фиксирана дължина 01559nam a2200301 a 4500
003 - Код на организацията, давaща контролен номер
Контролно поле BLK
005 - Дата и час на последна редакция
Контролно поле 20240726154717.0
008 - Елементи от данни с фиксирана дължина
fixed length control field 220310b bu |||||r|||| 00| | bu d
040 ## - Източник на каталожния запис
Идентификатор на билиотеката - собственик на записа BLK
041 ## - Код за език
Код за езика на текст/звукозапис или на отделно заглавие Български
Код за езика КДБФ Български
080 ## - УДК
Текстов определител УДК Архитекти
УДК код - определител по УДК 72.071.1
УДК - код + определител 72.071.1 (092)(062)
УДК определител (092)(062)
080 ## - УДК
УДК код - определител по УДК 929 Фичев, Никола Иванович
УДК - код + определител 929 Фичев, Никола Иванович
139 ## - Редно поле
Авторски знак Чест - Ч 74
245 ## - Сведения за заглавието
Заглавие Майстор Кольо Фичето - големият архитект и строител от епохата на Българското Възраждане
Подзаглавни данни Чествуване 180 г.от рождението
Физически носител (вид на носителя) [Малотир. изд.]
260 ## - Област на издателските данни
9 (RLIN) 441842
Място на издаване, разпространение и проч. Габрово
Име на издателя, разпространителя и проч. б. и.
Година на издаване 1980
300 ## - Физическа характеристика
Страници 1 л.
Илюстрации и др. с ил.
Размери/Мащаб 22х60 см, сгънато до 22х10 см
380 ## - Жанр
Жанр Изкуство
500 ## - Общи забележки
Забележка Мин. на стр. и строителните мат.р Комитет по архитектура и благоустройство при МС, Профсъюз на работниците от строит. и строителната пром., ДКМС, Съюз на архитектите в България, НТС по строителство.<br/>Към изд. Лит. за Колю Фичето.
653 #7 - Ключова дума – ненормативна
9 (RLIN) 188887
Ключова дума Колю Фичето
653 #7 - Ключова дума – ненормативна
9 (RLIN) 181364
Ключова дума архитектура
653 #7 - Ключова дума – ненормативна
9 (RLIN) 197633
Ключова дума строителство
852 ## - Местоположение
Фондова буква Краезнание
Систематично-азбучна сигнатура К 7/Ч 74
942 ## - АРТИКУЛИ
Вид на библиотечния материал Книги
Скрит в OPAC Не
Периодичен библиозапис Да
Koha issues (borrowed), all copies 1
944 ## - СЪЗДАВАНЕ И РЕДАКЦИЯ на ЗАПИСА
Създаване/Редакция Създаване
Дата на регистрацията/редакция 2022-03-10
Служител, извършил регистрацията/редакцията 30549
Статус, дата на статуса Вася Ганчева
999 ## - СИСТЕМНИ КОНТРОЛНИ НОМЕРА
Koha biblionumber 448290
Koha biblioitemnumber 448290
999 ## - СИСТЕМНИ КОНТРОЛНИ НОМЕРА
Koha biblioitemnumber 448290
999 ## - СИСТЕМНИ КОНТРОЛНИ НОМЕРА
Koha biblioitemnumber 448290
999 ## - СИСТЕМНИ КОНТРОЛНИ НОМЕРА
Koha biblioitemnumber 448290
Наличности
Код за отписване Код за изгубен артикул Източник на класификационната схема Код за повреда Коз за рестрикции Код за отдаване Артикулен № Име на библиотеката - собственик Име на библиотеката, в която се намира в момента Статус (Текущо местоположение) Дата на вписване в системата Местоположение - отдел Цена в лева Систематично азбучна сигнатура Баркод Цена в евро Служебен тип на артикула
  Не е изгубен Universal Decimal Classification Не е повреден само за читалня ползва се в читалня 875586 Регионална библиотека "Любен Каравелов" Русе Регионална библиотека "Любен Каравелов" Русе Краезнание 2022-03-15 Краезнание 2.00 К 7/Ч 74 120000868346 1.02 Книги
Vip Innovations Ltd, Rousse, Bulgaria 2025